Efektívnosť obchodnej prevádzky dizertačná práca

Uložené v:
Podrobná bibliografia
Hlavný autor: Rehák, Róbert, 1984-
Korporativný autor: Ekonomická univerzita v Bratislave. Obchodná fakulta
Ďalší autori: Štofilová, Jana
Médium: Kniha
Jazyk:Slovak
Vydavateľské údaje: Bratislava 2010
Predmet:
Tagy: Pridať tag
Žiadne tagy, Buďte prvý, kto otaguje tento záznam!

MARC

LEADER 00000nam$a2200000$$$4500
001 0117313
005 20240502072318.6
041 0 |a slo 
044 |a SK 
245 1 0 |a Efektívnosť obchodnej prevádzky  |b dizertačná práca  |c Róbert Rehák ; škol. Jana Štofilová 
264 1 |a Bratislava  |c 2010 
300 |a 139 s. 
610 2 0 |a obchod 
610 2 0 |a efektívnosť ekonomická 
610 2 0 |a hodnota pridaná 
100 1 |a Rehák, Róbert, 1984- 
700 1 |a Štofilová, Jana 
710 2 |a Ekonomická univerzita v Bratislave. Obchodná fakulta